| 000 | 01000cam a2200229 4500 | ||
|---|---|---|---|
| 001 | J1485 | ||
| 008 | 970304s1992 xxk g r 0deng | ||
| 035 | _a(Sirsi) u43672 | ||
| 041 | 0 | _aeng | |
| 050 | 0 | 4 | _a920 $2 18 |
| 110 | 2 |
_aSurveyors' Club _920 |
|
| 245 | 0 | 0 |
_aTwo centuries of surveyors _ba list of the members of the Surveyors' Club 1792-1992 with some historical notes |
| 260 |
_a[Great Britain] _bPrinted for private circulation _c[1992] |
||
| 300 |
_a60p. _c19cm. |
||
| 350 | _a0 | ||
| 520 | _aIncludes lists of members of the Surveyors' Club from 1792-1892, 1892-1992 and 1992 onwards. Reproduces a preface to a previous edition of the list by John Wornham Penfold dated 30 March 1892 and the rules and regulations of the Club as at 1892 and 1992. | ||
| 520 | _aCopy presented to the President of RICS by David Martin, President of the Surveyors' Club. | ||
| 651 | 4 |
_aUnited Kingdom _y |
|
| 690 | _aABOUT RICS-RICS MEMBERS-CHARTERED SURVEYORS | ||
| 942 | _n0 | ||
| 948 | _c04/03/1997 | ||
| 999 |
_c91373 _d91373 |
||